000 00659nam a22002177a 4500
003 UA-OsUOA
001 99048
007 ta
008 20130423b un ||||| |||| 00| 0 ukr d
090 _a821.161.1
_bК65
942 _cBK
040 _aUA-OsUOA
_brus
_cUA-OsUOA
_dUA-OsUOA
245 _aКонстантин Симонов в воспоминаниях современников
_cсост. Л. Жадова
300 _a608 с.
955 _a3
041 _arus
080 _a821.161.1
260 _aМ.
_bСоветский писатель
_c1984
650 7 _a82 Література. Літературознавство
_2UDC
999 _c385269
_d385269